000 00701nam a2200217 u 4500
001 000001975
005 20250129172122.0
008 090630t2007 dr 001 f spa d
020 _a9789945160475
040 _aDO-SdBNP
_bspa
_cBNPHU
082 _aRD863.44
_bA277m
100 1 _aAgramonte, Carlos,
_d1954-
_9858
245 1 3 _aEl monseñor de las historias :
_bNovela /
_cCarlos Agramonte.
260 _aSanto Domingo :
_bBúho,
_c2007.
300 _a347 p. ;
_a23 cm.
500 _aIncluye datos biográficos del autor en las solapas.
590 _aInventariado, 2019 / DG
650 0 _aNovela dominicana
_9223
650 0 _aLiteratura dominicana.
_967
910 _aValidado. Control de calidad EMS.
999 _c1841
_d1841